|
|
|
|
| LEADER |
00000nam a22000007a 4500 |
| 005 |
20170831002345.0 |
| 007 |
cr|||| |||| |
| 008 |
170831s2016 mx |||||s||||f00||0 spa d |
| 035 |
|
|
|a 20486
|
| 040 |
|
|
|a vLex
|
| 090 |
|
|
|c 6884
|d 6884
|
| 100 |
1 |
|
|a Farah Gebara, Mauricio
|
| 245 |
1 |
0 |
|a Victorias de libertad contra la trata
|h [Recurso electrn̤ico] /
|c Mauricio Farah Gebara, Alejandro Hernǹdez
|
| 256 |
|
|
|a Servicio en ln̕ea
|
| 260 |
|
|
|a Ciudad de Mx̌ico:
|b Cm̀ara de Diputados,
|c 2016
|
| 300 |
|
|
|a 1 recurso electrn̤ico
|
| 506 |
1 |
|
|a Disponible solo en los productos indicados
|d vLex Global
|d vLex Global (Academic Edition, excluding Law Schools)
|d vLex Global (U.S. Academic Edition, Law Schools)
|d vLex Global (U.S. Academic Edition, excluding Law Schools)
|d vLex Global (Academic Edition, Law Schools)
|
| 650 |
0 |
4 |
|a Delitos contra las personas
|z Mx̌ico
|
| 700 |
1 |
|
|a Hernǹdez, Alejandro
|
| 740 |
0 |
|
|a vLex Libros (Servicio en ln̕ea)
|
| 856 |
4 |
0 |
|u http://vlex.com/source/victorias-de-libertad-contra-la-trata-20486
|z Acceso restringido
|
| 942 |
|
|
|c BOOK
|
| 999 |
0 |
|
|a Crimes against people
|